000 00368nam a22001337a 4500
005 20250808144056.0
008 250808b |||||||| |||| 00| 0 eng d
020 _a0245502963
050 _aPC 2640
_bHAR
245 _aHARRAP,S SHORTER DICTIONARY
_cPETER TERRELL
260 _aEDINBURGH
_bCHAMBERS HARRAP PUBLISHERS
_cc1996
300 _axix.; 982p.;
942 _2lcc
_cREF
_n0
999 _c7247
_d7247